000 00601nam a2200193Ia 4500
005 20250507130147.0
008 008 250505s9999 xx 000 0 eng d
037 _aDIS
040 _aEASL
_beng
_cEASL
041 _aeng
_2eng
084 _a0000141
_qEASL
100 _aMd Moin Uddin
_9667129
245 0 _aExploring the idea of self in Shiga Naoya's writing, "Wakai" Dr. Unita Sachidanand
260 _aIndia
_bUnivesity of Delhi. Social Sciences. East Asian Studies (Delhi India)
_c2010
300 _a119p.
650 _aDiss
942 _cDIS
_h0000141
999 _c1318029
_d1318029